| 000 | 00661nam a2200217 u 4500 | ||
|---|---|---|---|
| 005 | 20250924063934.0 | ||
| 008 | 150519s2008 mx r 000 0 spa d | ||
| 020 | _a9786074560022 | ||
| 035 | _aUPN01000203568 | ||
| 049 | _aI | ||
| 050 | 4 |
_aPZ78 _bC3.44 |
|
| 100 | 1 |
_aCarrera, Eduardo _931993 |
|
| 245 | 1 | 3 |
_aEl fantasma Tiberio / _cEduardo Carrera ; il. Israel Ramírez. |
| 260 |
_aMéxico : _bProgreso, _cc2008. |
||
| 300 |
_a[40] p. : _bil. col. |
||
| 440 | 0 |
_aRehilete. _pPara los que aprendieron a leer |
|
| 650 | 4 |
_aCuentos infantiles argentinos _97466 |
|
| 650 | 4 |
_aFantasmas _vLiteratura infantil _911355 |
|
| 905 | _aInfantil | ||
| 999 |
_c175669 _d175669 |
||